Ekonomická statistika v praxi /

Salvato in:
Dettagli Bibliografici
Autori principali: Jílek, Jaroslav (Autore), Souček, Eduard (Autore)
Natura: Libro
Lingua:ceco
Pubblicazione: Praha : SNTL, 1990
Tags: Aggiungi Tag
Nessun Tag, puoi essere il primo ad aggiungerne!!

MARC

LEADER 00000nam a22000003a 4500
001 stu2389
005 20150617225619.9
008 921001s1990----cs------------------cze-d
040 |a STU  |b slo 
041 0 |a cze 
044 |a cs 
080 |a 311 
080 |a 33  |7 stu_us_auth*stu7876 
080 |a 519.25 
100 1 |a Jílek, Jaroslav  |4 aut 
245 1 |a Ekonomická statistika v praxi /  |c [aut.] Jílek,Jaroslav; Souček,Eduard 
260 |a Praha :  |b SNTL,  |c 1990 
300 |a 311 s 
700 1 |a Souček, Eduard  |4 aut 
996 |b E71115  |c R*71115  |l RRUM  |s A  |a 24  |w stu2389_0001